000 00572nam a2200181Ia 4500
008 090124s9999 xx 000 0 und d
082 _b5961
100 _aगाडगीऴ अमरेंद्र
245 _a प्रवासी राम
250 _a2
260 _bठोकळ प्रकाशन
_c1964
300 _a119
600 _aगाडगीऴ अमरेंद्र
630 _a प्रवासी राम
700 _aगाडगीऴ अमरेंद्र
730 _a प्रवासी राम
942 _cBOOK
999 _c84142
_d84142